Normal view
MARC view
Entry Topical Term
001 - CONTROL NUMBER
- control field: 55202
003 - CONTROL NUMBER IDENTIFIER
- control field: MaObMVR
005 - DATE AND TIME OF LATEST TRANSACTION
- control field: 20251017134431.0
008 - FIXED-LENGTH DATA ELEMENTS
- fixed length control field: 251017|| aca||aabn | a|a d
040 ## - CATALOGING SOURCE
- Original cataloging agency: MaObMVR
- Transcribing agency: MaObMVR
150 ## - HEADING--TOPICAL TERM
- Topical term or geographic name as entry element: Meurtre
- Form subdivision: Romans, nouvelles, etc
670 ## - SOURCE DATA FOUND
- Source citation: Work cat.: (MaObMVR)129384: Hodgson, Antonia, author. 55199, The raven scholar /
